Klastrová politika Slovenska a Poľska v kontexte rozvoja klastrov cestovného ruchu

Klastrová politika a jej hlavné úlohy. Klastrová politika na Slovensku - podpora klastrov. Klastrová politika v Poľsku. Legislatívna podpora klastrovej politiky v Poľsku. Vplyv klastrovej politiky Slovenska a Poľska na rozvoj klastrov cestovného ruchu.

Uložené v:
Podrobná bibliografia
Hlavný autor: Miščíková, Bibiána
Ďalší autori: Nováková, Štefánia
Médium: Kapitola
Jazyk:Slovak
Predmet:
Tagy: Pridať tag
Žiadne tagy, Buďte prvý, kto otaguje tento záznam!

MARC

LEADER 00000nla a2200000 4500
001 0211055
005 20240417075102.8
041 0 |a slo 
044 |a CZ 
245 1 0 |a Klastrová politika Slovenska a Poľska v kontexte rozvoja klastrov cestovného ruchu  |c Bibiána Miščíková, Štefánia Nováková 
520 |a Klastrová politika a jej hlavné úlohy. Klastrová politika na Slovensku - podpora klastrov. Klastrová politika v Poľsku. Legislatívna podpora klastrovej politiky v Poľsku. Vplyv klastrovej politiky Slovenska a Poľska na rozvoj klastrov cestovného ruchu. 
610 2 0 |a ruch cestovný 
610 2 0 |a klaster 
610 2 0 |a spolupráca podnikov 
610 2 0 |a spolupráca regionálna 
610 2 0 |a legislatíva 
610 2 0 |a konkurencieschopnosť 
610 2 0 |a Slovensko 
610 2 0 |a Poľsko 
100 1 |a Miščíková, Bibiána 
700 1 |a Nováková, Štefánia